000 01121nam a2200301Ia 4500
001 ebr10202446
003 CaPaEBR
006 m u
007 cr cn|||||||||
008 990316s2007 enka s 001 0 eng d
020 _z9781859591765
040 _aCaPaEBR
_cCaPaEBR
035 _a(OCoLC)605538706
050 1 4 _aRC648
_b.F69 2007eb
100 1 _aFox, Charles.
245 1 0 _aType 2 diabetes
_h[electronic resource] :
_banswers at your fingertips /
_cDr. Charles Fox and Dr. Anne Kilvert.
250 _a6th ed.
260 _aLondon :
_bClass Publishing,
_cc2007.
300 _axvii, 315 p. :
_bill.
500 _aIncludes index.
533 _aElectronic reproduction.
_bPalo Alto, Calif. :
_cebrary,
_d2009.
_nAvailable via World Wide Web.
_nAccess may be limited to ebrary affiliated libraries.
650 0 _aDiabetes.
650 0 _aNon-insulin-dependent diabetes.
655 7 _aElectronic books.
_2local
700 1 _aKilvert, Anne.
710 2 _aebrary, Inc.
856 4 0 _uhttp://site.ebrary.com/lib/rucke/Doc?id=10202446
_zAn electronic book accessible through the World Wide Web; click to view
999 _c222191
_d222191